LEADER 02399nam0 2200493 i 450 001 BVEE016735 005 20170908093204.0 012 $aa&au o-o. o-o, quua (3) 1541 (R)$2fei 100 $a20090529d1541 ||||0itac50 ba 101 | $aita 102 $ait 181 1$6z01$ai $bxxxe 182 1$6z01$an 200 1 $aAstutie militari di Sesto Iulio Frontino huomo consolare, di tutti li famosi et eccellenti capitani romani, greci, barbari, & hesterni 210 $aIn Venetia$cper Comin de Trino$d1541$eIn Venetia per Comin da Trino da Monferrato$h1541 215 $a72 c.$d8º 300 $aIl nome del trad., Francesco Lucio Durantino, figura nella pref 300 $aMarca (V321) sul front 300 $aCors. ; rom 300 $aSegn.: A-I⁸ 300 $aIniziali xil. 316 $a1 esemplare, legato con Gli stratagemi di Polyaenus.$5IT-NA0070, SALA VITI RARI.06 62 500 10$aDe re militari$3BVEE016822$9CFIV092029$91479977 620 $dVenezia$3SBLL003553 700 1$aFrontinus$b, Sextus Iulius$3CFIV092029$4070$067902 702 1$aDurantino$b, Francesco Lucio$3BVEV031102 712 02$aComin da Trino$3IEIV021695$4650 790 1$aDurantino$b, Francesco Lutio$3CFIV287547$zDurantino, Francesco Lucio 790 0$aFrontin$3CFIV227083$zFrontinus, Sextus Iulius 790 1$aFrontino$b, Sesto Giulio$3CFIV230214$zFrontinus, Sextus Iulius 790 1$aFrontinus$b, Sextus Julius$3SBNV041399$zFrontinus, Sextus Iulius 790 0$aFrontino$3UBOV112531$zFrontinus, Sextus Iulius 790 1$aFrontinus$b, Iulius$3UBOV112532$zFrontinus, Sextus Iulius 790 1$aIulius Frontinus$b, Sextus$3UBOV112533$zFrontinus, Sextus Iulius 790 1$aFrontinus Iulius$b, Sextus$3UBOV112534$zFrontinus, Sextus Iulius 791 02$aComin de Tridino$3CFIV287555$zComin da Trino 801 3$aIT$bIT-NA0079$c20090529 850 $aIT-NA0070 912 $aBVEE016735 921 $aBVEM000051$bSfera armillare con al centro un ramo di fiori$cQ49$cV321$cZ1062$dSul front. 950 0$aBiblioteca Universitaria$bV. 1-2$cv. 1-2$d BUSALA VITI RARI.06 62$e BU 0000953685 B 2 1 esemplare, legato con Gli stratagemi di Polyaenus.$fZ $h20090529$i20090529 977 $a BU 996 $aDe re militari$91479977 997 $aUNISANNIO LEADER 03158nam 2200613 450 001 9910818970403321 005 20170918220737.0 010 $a1-4704-0331-5 035 $a(CKB)3360000000464922 035 $a(EBL)3114551 035 $a(SSID)ssj0000973573 035 $a(PQKBManifestationID)11516433 035 $a(PQKBTitleCode)TC0000973573 035 $a(PQKBWorkID)10959885 035 $a(PQKB)11069646 035 $a(MiAaPQ)EBC3114551 035 $a(RPAM)12501774 035 $a(PPN)195416244 035 $a(EXLCZ)993360000000464922 100 $a20010814h20022002 uy| 0 101 0 $aeng 135 $aur|n|---||||| 181 $ctxt 182 $cc 183 $acr 200 10$aGeneralized Whittaker functions on SU(2,2) with respect to the Siegel parabolic subgroup /$fYasuro Gon 210 1$aProvidence, Rhode Island :$cAmerican Mathematical Society,$d[2002] 210 4$d2002 215 $a1 online resource (130 p.) 225 1 $aMemoirs of the American Mathematical Society,$x0065-9266 ;$vnumber 738 300 $a"January 2002." 300 $a"Volume 155, number 738 (fourth of 5 numbers)." 311 $a0-8218-2763-4 320 $aIncludes bibliographical references (pages 115-116). 327 $a""Contents""; ""Chapter 1. Introduction""; ""1. Introduction""; ""Chapter 2. Generalized Whittaker functions and representation theory of SU(2,2)""; ""2. Definition of the generalized Whittaker functions""; ""3. Structure theory for SU(2,2) and its Lie algebra""; ""4. Representations of K""; ""5. Irreducible SU(I??)-modules""; ""6. Explicit description of Whittaker functions""; ""7. Radial part of the shift operators""; ""Chapter 3. Generalized Whittaker functions for P[sub(J)] principal series representations""; ""8. Generalized Whittaker functions for P[sub(J)]-principal series"" 327 $a""Chapter 4. Generalized Whittaker functions for the discrete series representations""""9. Generalized Whittaker functions for the discrete series representations""; ""10. Generalized Whittaker functions for the holomorphic discrete series representations""; ""11. Generalized Whittaker functions for the large discrete series representations""; ""12. Generalized Whittaker functions for the middle discrete representations""; ""13. Generalized Whittaker functions for the middle discrete series associated with definite H[sub(I??)]"" 327 $a""14. Generalized Whittaker functions for the middle discrete series associated with indefinite H[sub(I??)]""""Bibliography"" 410 0$aMemoirs of the American Mathematical Society ;$vno. 738. 606 $aCoulomb functions 606 $aForms, Modular 606 $aRepresentations of groups 615 0$aCoulomb functions. 615 0$aForms, Modular. 615 0$aRepresentations of groups. 676 $a510 s 676 $a512/.73 700 $aGon$b Yasuro$01653334 801 0$bMiAaPQ 801 1$bMiAaPQ 801 2$bMiAaPQ 906 $aBOOK 912 $a9910818970403321 996 $aGeneralized Whittaker functions on SU(2,2) with respect to the Siegel parabolic subgroup$94004601 997 $aUNINA